1125 1110 1375 1465 1642 1697 1358 1443 1663 1391 1734 1293 1507 1142 1549 1632 1971 1048 1482 1918 1693 1914 1950 1280 1475 1795 1576 1618 1662 1322 1420 1885 1698 1736 1447 1302 1268 1191 1573 1831 1143 1256 1713 1801 1635 1585 1078 1445 1403 1955 1835 1990 1473 1321 1652 1094 1776 1514 1225 1863 1439 1915 1918 1293 1540 1171 1505 1476 1342 1024 1949 1790 1471 1212 1619 1556 1523 1574 1829 1763 1114 1742 1095 1598 1015 1433 1742 1688 1526 1909 1976 1202 1935 1940 1644 1132 1637 1378 1092 BCNSPRNW ULIB Ver.6.0+V

เปลี่ยนเป็นภาษาไทย

Change to English
 แสดงรายละเอียดบรรณานุกรม
  กลับหน้าหลัก

Brief Record : Get Marc (ISO 2709) : E-mail record : QR code < ปิดหน้าต่าง
LEADER : 00000nam 2200000uu 4500
001    13399112274
003     ULIB
008    110530s2010||||th 000 0 eng d
020    0323054911
060 04 QT104^bT427h 2010
100 1  Thibodeau, Gary A.,
245 10 The human body in health & disease/^cThibodeau, Gary A.,
250    5th ed
260    St. Louis:^bMosby Elsevier,^c2010
300    685 p. :^bill
650  2 Anatomy
650  2 Pathology
650  2 Physiology
945    ^p1600^l0^i029060
995    Tossapron
999 ^a ใช้งานได้ทุกระบบ
รายการนี้ยังไม่มีแท็ก
คุณยังไม่ได้ล็อกอิน คุณสามารถมีกิจกรรมร่วมกับเว็บไซต์ได้ แต่ต้องล็อกอินก่อน ::
  ล็อกอิน

รายการสื่อสารสนเทศ

ลำดับที่ ประเภท เลขเรียก/บาร์โค้ด สถานที่ สถานะ
- ไม่พบข้อมูล -

รายการใกล้เคียง
    ผู้แต่ง [Thibodeau, Gary A.,]

    หัวเรื่อง [Anatomy]
    หัวเรื่อง [Pathology]
    หัวเรื่อง [Physiology]

BibComment


ยังไม่เคยถูกคอมเมนท์

คอมเมนท์ทรัพยากรรายการนี้
  คอมเมนท์: The human body in..


 Copyright 2026. Bcnsprnw @Library